Consultation on improving public participation provisions in environmental impact assessment regulations for energy infrastructure (Record no. 106045)
[ view plain ]
| 000 -LEADER | |
|---|---|
| fixed length control field | 01316cam a2200229 4500 |
| 001 - CONTROL NUMBER | |
| control field | ##L135403 |
| 008 - FIXED-LENGTH DATA ELEMENTS--GENERAL INFORMATION | |
| fixed length control field | 061023n2006 000 0 eng u |
| 035 ## - SYSTEM CONTROL NUMBER | |
| System control number | (Sirsi) u135403 |
| 041 0# - LANGUAGE CODE | |
| Language code of text/sound track or separate title | eng |
| 050 04 - LIBRARY OF CONGRESS CALL NUMBER | |
| Classification number | 711.1 $2 18 |
| 110 1# - MAIN ENTRY--CORPORATE NAME | |
| Corporate name or jurisdiction name as entry element | United Kingdom |
| Subordinate unit | Department of Trade and Industry |
| 245 00 - TITLE STATEMENT | |
| Title | Consultation on improving public participation provisions in environmental impact assessment regulations for energy infrastructure |
| 260 ## - PUBLICATION, DISTRIBUTION, ETC. | |
| Place of publication, distribution, etc. | London |
| Name of publisher, distributor, etc. | DTI |
| Date of publication, distribution, etc. | 2006 |
| 520 ## - SUMMARY, ETC. | |
| Summary, etc. | Seeks comments from developers and others on revised requirements relating to the Environmental Impact Assessment (EIA) of projects. Revisions to EIA requirements have arisen on a EU wide basis as a result of Directive 2003/35/EC, the Public Participation or Aarhus directive. This particular consultation covers proposed changes to a number of regimes administered by the DTI. Concerning power stations and overhead lines, gas transporter pipelines and commercial pipelines. Comments are to be received by 2 January 2007. |
| 590 ## - LOCAL NOTE (RLIN) | |
| Local note | IKA311006 |
| 650 24 - SUBJECT ADDED ENTRY--TOPICAL TERM | |
| Topical term or geographic name entry element | DIRECTIVE 2003/35/EC |
| 650 24 - SUBJECT ADDED ENTRY--TOPICAL TERM | |
| Topical term or geographic name entry element | DIRECTIVE 97/11/EC |
| 650 24 - SUBJECT ADDED ENTRY--TOPICAL TERM | |
| Topical term or geographic name entry element | DIRECTIVE 85/337/EC |
| 651 04 - SUBJECT ADDED ENTRY--GEOGRAPHIC NAME | |
| Geographic name | England and Wales |
| Chronological subdivision | 1543- |
| 856 40 - ELECTRONIC LOCATION AND ACCESS | |
| Uniform Resource Identifier | <a href="https://www.dti.gov.uk/consultations/page34348.html">https://www.dti.gov.uk/consultations/page34348.html</a> |
| Public note | View the consultation free of charge at www.dti.gov.uk.. |
| 942 ## - ADDED ENTRY ELEMENTS (KOHA) | |
| Suppress in OPAC | 0 |
| Withdrawn status | Lost status | Source of classification or shelving scheme | Damaged status | Not for loan | Home library | Current library | Shelving location | Date acquired | Total Checkouts | Full call number | Barcode | Date last seen | Copy number | Price effective from | Koha item type |
|---|---|---|---|---|---|---|---|---|---|---|---|---|---|---|---|
| Dewey Decimal Classification | Virtual | Virtual | Online | 23/10/2006 | ONLINE PUBLICATION | 135403-2001 | 06/08/2019 | 1 | 06/08/2019 | Book |